Fund raising proposal and management គំរោងលើកសំណើថវិកា និងការគ្រប់គ្រង (Record no. 9654)
[ view plain ]
| 000 -LEADER | |
|---|---|
| fixed length control field | 00346nam a22001217a 4500 |
| 040 ## - CATALOGING SOURCE | |
| Transcribing agency | HS |
| 082 ## - DEWEY DECIMAL CLASSIFICATION NUMBER | |
| Classification number | 658 |
| 100 ## - MAIN ENTRY--AUTHOR NAME | |
| Personal name | VON MONIN |
| 245 ## - TITLE STATEMENT | |
| Title | Fund raising proposal and management គំរោងលើកសំណើថវិកា និងការគ្រប់គ្រង |
| 260 ## - PUBLICATION, DISTRIBUTION, ETC. (IMPRINT) | |
| Place of publication | RUA |
| Name of publisher | VON MONIN |
| Year of publication | 2004 |
| 300 ## - PHYSICAL DESCRIPTION | |
| Number of Pages | 54p; |
| 942 ## - ADDED ENTRY ELEMENTS (KOHA) | |
| Koha item type | សៀវភៅភាសាអង់គ្លេស |
| 952 ## - LOCATION AND ITEM INFORMATION (KOHA) | |
| Withdrawn status [LOCAL, KOHA] | 0 |
| 952 ## - LOCATION AND ITEM INFORMATION (KOHA) | |
| Withdrawn status [LOCAL, KOHA] | 0 |
| Permanent Location | Date acquired | Koha item type | Lost status | Shelving location | Barcode | Current Location | Full call number |
|---|---|---|---|---|---|---|---|
| Library Block C | 2016-09-06 | សៀវភៅភាសាអង់គ្លេស | B281 | RUA44168 | Library Block C | 658 MON 2004 C281 | |
| Library Block C | 2016-09-15 | សៀវភៅភាសាអង់គ្លេស | C258 | RUA42216 | Library Block C | 658 VON 2004 C258 |